000
00327 a2200145 4500
001
172036
020
_a
040
_c
Magnum
100
_a
Correa, Glauco Rodrigues
240
1
0
_a
O assassinato do casal de velhos
_l
por
245
1
0
_a
O assassinato do casal de velhos
362
0
_a
1899
697
_a
J/ROMANCE
942
_c
BK
999
_c
172036
_d
172036